00494nam a2200181Ia 450000500170000000800410001702000090005804000190006704100120008608200170009810000230011524500700013826000260020830000110023465000260024570000310027185000100030220230328094012.0131103s9999 xx 000 0 und d cRs.5 aLoreto College aEnglish a891.443bMUK aMukhopadhaya, B B  aSrestha galpacB B Mukhopadhaya ; Edited by Jagadish Bhattacharya aCalcuttabBengal Pub. a279p.  aBengali Short Stories aBhattacharya, Jagadish ed. aLCLIB